О кумулятивном механизме сверхглубокого проникания материала гиперзвукового потока в твердые преграды; Энергетика, электромеханика и энергоэффективные технологии глазами молодежи; Т. 2

Dades bibliogràfiques
Parent link:Энергетика, электромеханика и энергоэффективные технологии глазами молодежи: сборник трудов Российской молодежной научной конференции, 3-4 декабря 2013 г., Томск/ Национальный исследовательский Томский политехнический университет (ТПУ).— , 2013
Т. 2.— 2013.— [С. 172-173]
Autor principal: Сайгаш А. С. Анастасия Сергеевна
Sumari:Заглавие с титульного экрана
Idioma:rus
Publicat: 2013
Col·lecció:Повышение энергоэффективности процессов преобразования электроэнергии
Matèries:
Accés en línia:http://www.lib.tpu.ru/fulltext/c/2013/C50/V2/050.pdf
Format: MixedMaterials Electrònic Capítol de llibre
KOHA link:https://koha.lib.tpu.ru/cgi-bin/koha/opac-detail.pl?biblionumber=604918

MARC

LEADER 00000naa2a2200000 4500
001 604918
005 20260217162453.0
035 |a (RuTPU)RU\TPU\conf\2201 
035 |a RU\TPU\conf\2078 
090 |a 604918 
100 |a 20140325d2013 k y0rusy50 ca 
101 0 |a rus 
102 |a RU 
135 |a drnn ---uucaa 
181 0 |a i  
182 0 |a b 
200 1 |a О кумулятивном механизме сверхглубокого проникания материала гиперзвукового потока в твердые преграды  |f А. С. Сайгаш 
203 |a Текст  |c электронный 
225 1 |a Повышение энергоэффективности процессов преобразования электроэнергии 
300 |a Заглавие с титульного экрана 
320 |a [Библиогр.: с. 173 (1 назв.)] 
337 |a Adobe Reader 
461 1 |0 (RuTPU)RU\TPU\conf\493  |t Энергетика, электромеханика и энергоэффективные технологии глазами молодежи  |o сборник трудов Российской молодежной научной конференции, 3-4 декабря 2013 г., Томск  |o в 2 т.  |f Национальный исследовательский Томский политехнический университет (ТПУ)  |d 2013 
463 1 |0 (RuTPU)RU\TPU\conf\498  |t Т. 2  |v [С. 172-173]  |d 2013 
610 1 |a труды учёных ТПУ 
610 1 |a электронный ресурс 
610 1 |a кумулятивные устройства 
610 1 |a микрочастицы 
610 1 |a гиперзвуковые потоки 
610 1 |a преграды 
700 1 |a Сайгаш  |b А. С.  |c специалист в области электроэнергетики  |c доцент Томского политехнического университета, кандидат технических наук  |f 1981-  |g Анастасия Сергеевна  |3 (RuTPU)RU\TPU\pers\27720  |9 12794 
801 2 |a RU  |b 63413507  |c 20140327  |g RCR 
856 4 |u http://www.lib.tpu.ru/fulltext/c/2013/C50/V2/050.pdf 
942 |c CF